| 000 | 00484 a2200169 4500 | ||
|---|---|---|---|
| 005 | 20250508063905.0 | ||
| 020 | _a0-07-231500-8 | ||
| 082 | _a658.3 KRE | ||
| 100 | _aKREITNER, R. | ||
| 245 | _aOrganizational Behavior. | ||
| 250 | _a5th Ed | ||
| 260 |
_aNew York, _bMcGraw-Hill/ Irwin, _c2001. |
||
| 300 |
_aXxv,774." ill.; figure, picture, table _bGlossary & Index _c25cm. |
||
| 700 | _aKINICKI, A. | ||
| 856 |
_yAccess Online Book _fOrganizational _dwww.mhhe.com |
||
| 942 |
_2ddc _cBKS |
||
| 999 |
_c2148 _d2148 |
||